| 000 | 00565nam a2200181 4500 | ||
|---|---|---|---|
| 001 | 108481 | ||
| 003 | ES-MaACL | ||
| 005 | 20231214201620.0 | ||
| 007 | t| | ||
| 008 | 061121s1943 sp r ||||1| spa d | ||
| 100 | 1 |
_aMontes, Eugenio, _d1897-1982 _9227206 |
|
| 245 | 1 | 0 |
_aFederico II de Sicilia y Alfonso X de Castilla / _cpor Eugenio Montes. |
| 260 |
_aMadrid : _b[s.n.], _c1941. |
||
| 300 |
_a31 p. ; _c26 cm. |
||
| 500 | _aAnejo al nº 10 de la Revista de Estudios Políticos. | ||
| 852 |
_aES-MaACL _j1841-F-4 _bR.20092 |
||
| 999 |
_c108481 _d108481 |
||